[Event "Ch World (juniors)"]
[Site "masterchessopen.com – Stockholm (Sweden)"]
[Round "10"]
[White "Diaz Joaquin C (CUB)"]
[Black "McKay Roderick M (SCO)"]
[Result "1-0"]
[WhiteElo "2327"]
[BlackElo "2376"]

1.d4 Nf6 2.c4 e6 3.Nf3 c5 4.d5 b5 5.dxe6 fxe6 6.cxb5 d5 7.Bf4 Qa5+ 8.Qd2 Qxb5
9.e4 Qb6 10.exd5 exd5 11.Nc3 Bd6 12.Bb5+ Kf8 13.O-O d4 14.Rfe1 Bd7 15.Bh6 Bxb5
16.Qg5 gxh6 17.Qxf6+ Kg8 18.Qe6+ Kg7 19.Qg4+ Kf8 20.Nxb5 Qxb5 21.Re6 Qb6
22.Qf5+ Kg7 23.Ng5 hxg5 24.Qxg5+ {#r} 1-0

[Event "?"]
[Site "masterchessopen.com – Primorsko (Bulgaria)"]
[Round "0"]
[White "Spassov Liuben (BUL)"]
[Black "Manolov Ivan (BUL)"]
[Result "1-0"]
[WhiteElo "2367"]
[BlackElo "2243"]

1.Nf3 Nf6 2.c4 e6 3.d4 c5 4.d5 b5 5.Bg5 Qa5+ 6.Nbd2 bxc4 7.Bxf6 gxf6 8.e4 f5
9.dxe6 fxe4 10.exf7+ Kd8 11.Bxc4 Bb7 12.Ng5 h6 13.Nxe4 Bxe4 14.Qg4 d5 15.O-O
Qxd2 16.Rad1 h5 17.Qe6 Qh6 18.Qxe4 Kc7 19.Qxd5 Nc6 20.Qd7+ Kb6 21.Rd3 Nb4
22.Qb5+ {#r} 1-0

[Event "Ch Netherlands (open)"]
[Site "masterchessopen.com – Velp (Netherlands)"]
[Round "9"]
[White "Nemet Ivan (SUI)"]
[Black "Borm Franciscus W M (NED)"]
[Result "1-0"]
[WhiteElo "2455"]
[BlackElo "2369"]

1.d4 Nf6 2.Nf3 e6 3.c4 c5 4.d5 b5 5.Bg5 bxc4 6.Nc3 Ba6 7.e4 Qa5 8.Nd2 Be7
9.Bxc4 Nxe4 10.Ndxe4 Bxc4 11.dxe6 Bxe6 12.Bxe7 Kxe7 13.Qd6+ Kd8 14.O-O Qc7
15.Qd2 Qe5 16.Rfe1 Nc6 17.Rad1 Rb8 18.Nxc5 Qxc5 19.Rxe6 Rb7 20.Ne4 Qc4 21.Qg5+
f6 22.Qxg7 Qxe6 23.Qxh8+ Kc7 24.Nc5 Qf5 25.Rxd7+ Kb6 26.Rxb7+ Kxc5 27.Qxh7
{#r} 1-0

[Event "It"]
[Site "masterchessopen.com – Jakarta (Indonesia)"]
[Round "0"]
[White "Laird Craig (AUS)"]
[Black "Shirazi Kamran (FRA)"]
[Result "0-1"]
[WhiteElo "2297"]
[BlackElo "2376"]

1.d4 c5 2.d5 Nf6 3.Nf3 e6 4.c4 b5 5.Bg5 h6 6.Bh4 bxc4 7.dxe6 fxe6 8.Qc2 Nc6
9.Qg6+ Ke7 10.Nc3 Qe8 11.Bxf6+ gxf6 12.Qe4 Kf7 13.Qxc4 Rb8 14.e4 Rxb2 15.Be2
Nb4 16.Nd4 h5 17.Nd1 Ba6 18.Qc3 cxd4 19.Qxb2 d3 20.Bf3 Nc2+ 21.Kf1 Qd8 22.Rb1
Qa5 23.g3 h4 24.h3 hxg3 25.fxg3 Bd6 26.Kg2 Qg5 {#R} 0-1

[Event "It"]
[Site "masterchessopen.com – Stary Smokovec (Slovakia)"]
[Round "0"]
[White "Plachetka Jan (SVK)"]
[Black "Mnatsakanian Eduard A (ARM)"]
[Result "1-0"]
[WhiteElo "2388"]
[BlackElo "2200"]

1.d4 Nf6 2.c4 e6 3.Nf3 c5 4.d5 b5 5.Bg5 exd5 6.cxd5 d6 7.e4 a6 8.a4 b4 9.Nfd2
Be7 10.Bf4 O-O 11.Bd3 Nbd7 12.O-O Ne8 13.Nc4 Nb6 14.Nbd2 Nxc4 15.Nxc4 a5
16.Qc2 Ba6 17.Rad1 Bxc4 18.Bxc4 Bf6 19.Bg3 Bd4 20.Kh1 b3 21.Bxb3 Rb8 22.Rb1 f5
23.exf5 Qg5 24.Bc4 Rxf5 25.b3 Rd8 26.Rbe1 Kh8 27.Bh4 {#r} 1-0

[Event "Ch Great Britain"]
[Site "masterchessopen.com – Morecambe (England)"]
[Round "6"]
[White "Law Andrew P (ENG)"]
[Black "Martin Andrew D (ENG)"]
[Result "0-1"]
[WhiteElo "2380"]
[BlackElo "2399"]

1.d4 Nf6 2.c4 e6 3.Nf3 c5 4.d5 b5 5.Bg5 Qa5+ 6.Qd2 Qxd2+ 7.Nbxd2 bxc4 8.e4 Bb7
9.Bxf6 gxf6 10.Bxc4 Na6 11.O-O Nc7 12.Rad1 Rb8 13.Rfe1 d6 14.Bb3 Ba6 15.Nc4
Bxc4 16.Bxc4 Rxb2 17.Rb1 Rb6 18.Rxb6 axb6 19.Rb1 f5 20.Nd2 fxe4 21.Nxe4 Ke7
22.Rxb6 exd5 23.Rb7 Kd8 24.Rb8+ Kd7 25.Nf6+ Ke6 26.Nxd5 Nxd5 27.Rb1 Ke5 {#R}
0-1

[Event "Ch Moscow (1 liga)"]
[Site "masterchessopen.com – Moscow (Russia)"]
[Round "0"]
[White "Grigorian Karen (RUS)"]
[Black "Arbakov Valentin (RUS)"]
[Result "0-1"]
[WhiteElo "2435"]
[BlackElo "2445"]

1.d4 Nf6 2.Nf3 e6 3.c4 c5 4.d5 b5 5.Bg5 exd5 6.cxd5 h6 7.Bxf6 Qxf6 8.e4 Qxb2
9.Nbd2 c4 10.Rb1 Qa3 11.Rxb5 Bb4 12.Qb1 a5 13.Bxc4 Ba6 14.O-O Bxb5 15.Bxb5
Bxd2 16.Nxd2 O-O 17.Nc4 Qc5 18.a4 Nc6 19.Qd3 Ra7 20.Rd1 Nb4 21.Qd2 d6 22.Nxa5
Rxa5 23.Rb1 Rxb5 24.axb5 Ra8 25.h3 Ra2 26.Qe3 Qxe3 27.fxe3 Nd3 {#R} 0-1

[Event "It"]
[Site "masterchessopen.com – Tunja (Colombia)"]
[Round "0"]
[White "Henley Ron W (USA)"]
[Black "Garcia Gildardo (COL)"]
[Result "1-0"]
[WhiteElo "2440"]
[BlackElo "2401"]

1.d4 Nf6 2.c4 e6 3.Nf3 c5 4.d5 b5 5.dxe6 fxe6 6.cxb5 d5 7.b3 Bd6 8.Nc3 O-O
9.e4 Bc7 10.Bd3 h6 11.O-O Bb7 12.exd5 exd5 13.Bf5 Qd6 14.Re1 Re8 15.Rxe8+ Nxe8
16.Qe2 Nf6 17.g3 g5 18.h4 d4 19.hxg5 dxc3 20.Bf4 Qf8 21.Bxc7 hxg5 22.Be6+ Kg7
23.Be5 Qe7 24.Nxg5 Nd7 25.Bxd7 Qxd7 26.Ne4 Bxe4 27.Qxe4 {#r} 1-0

[Event "Ch Malaga"]
[Site "masterchessopen.com – Malaga (Spain)"]
[Date "1981.04.04"]
[Round "13"]
[White "Mendoza Navas Pedro (ESP)"]
[Black "Corrales Ibanez Pedro Luis (ESP)"]
[Result "1-0"]
[WhiteElo "2195"]
[BlackElo "1895"]

1.d4 Nf6 2.Nf3 c5 3.d5 e6 4.c4 b5 5.Nc3 b4 6.Na4 Bb7 7.Bg5 d6 8.e4 Be7 9.Bxf6
Bxf6 10.e5 Be7 11.Be2 exd5 12.cxd5 O-O 13.Bc4 dxe5 14.Nxe5 Bd6 15.Ng4 Re8+
16.Kf1 Nd7 17.h4 Re4 18.b3 h5 19.Ne3 Rxh4 20.Rxh4 Qxh4 21.g3 Qh3+ 22.Kg1 h4
23.Bf1 {#r} 1-0

[Event "It (open) \"]
[Site "masterchessopen.com – Greece"]
[Round "0"]
[White "Maliaros Stavros (GRE)"]
[Black "Karafidis Sotiris (GRE)"]
[Result "1-0"]
[WhiteElo "2034"]
[BlackElo "2197"]

1.d4 Nf6 2.c4 e6 3.Nf3 c5 4.d5 b5 5.cxb5 Nxd5 6.e4 Nf6 7.Nc3 Bb7 8.Bg5 Be7
9.Bxf6 Bxf6 10.e5 Be7 11.Bc4 f6 12.O-O O-O 13.Re1 fxe5 14.Nxe5 d5 15.Qg4 Rf6
16.Rad1 Qf8 17.Nxd5 exd5 18.Rxd5 Kh8 19.Re3 Bd6 20.Ng6+ Rxg6 21.Qxg6 Bf4
22.Rd8 {#r} 1-0

[Event "?"]
[Site "masterchessopen.com – Tuzla (Bosnia & Herzegovina)"]
[Round "0"]
[White "Hulak Krunoslav (CRO)"]
[Black "Nurkic Sahbaz (BIH)"]
[Result "0-1"]
[WhiteElo "2530"]
[BlackElo "2295"]

1.d4 Nf6 2.Nf3 e6 3.c4 c5 4.d5 b5 5.Bg5 exd5 6.cxd5 h6 7.Bxf6 Qxf6 8.Qc2 c4
9.e4 Bb4+ 10.Nc3 O-O 11.Be2 Na6 12.a4 Nc5 13.e5 Bxc3+ 14.bxc3 Qa6 15.O-O Nxa4
16.Nd4 Qa5 17.Nxb5 Qxb5 18.Rfb1 Qc5 19.Rxa4 d6 20.Qe4 dxe5 21.Qxe5 Be6 22.Bxc4
Bd7 23.Rab4 a5 24.Rb7 Qxc4 25.Rxd7 Rae8 26.Qd4 Qb5 {#R} 0-1

[Event "It"]
[Site "masterchessopen.com – Quebec (Canada)"]
[Round "2"]
[White "Bolduc Steve (CAN)"]
[Black "Martinez Jean-Philippe (FRA)"]
[Result "1-0"]
[WhiteElo "2229"]
[BlackElo "2088"]

1.d4 Nf6 2.c4 c5 3.d5 e6 4.Nf3 b5 5.Bg5 bxc4 6.e4 Qa5+ 7.Bd2 Qb6 8.Nc3 Nxe4
9.Bxc4 Nxd2 10.Qxd2 Ba6 11.b3 Be7 12.O-O O-O 13.Rad1 Bxc4 14.bxc4 Rd8 15.Rb1
Qa5 16.Rb5 Qa6 17.Re1 Qc8 18.d6 Bf8 19.Ne4 Na6 20.Qg5 h6 21.Qh5 g6 22.Nf6+ Kh8
23.Qh4 Kg7 24.Ng4 {#r} 1-0

[Event "It"]
[Site "masterchessopen.com – Tunja (Colombia)"]
[Round "5"]
[White "Garcia Martinez Silvino (CUB)"]
[Black "Knaak Rainer (GER)"]
[Result "0-1"]
[WhiteElo "2450"]
[BlackElo "2530"]

1.d4 Nf6 2.c4 c5 3.d5 b5 4.Nf3 e6 5.Bg5 h6 6.Bxf6 Qxf6 7.Nc3 b4 8.Ne4 Qxb2
9.Rb1 Qa3 10.e3 f5 11.Ne5 fxe4 12.Qh5+ Kd8 13.Nf7+ Kc7 14.Nxh8 g5 15.Nf7 Qc3+
16.Kd1 d6 17.h4 Bd7 {#R} 0-1

[Event "It (open)"]
[Site "masterchessopen.com – Munich (Germany)"]
[Round "0"]
[White "Hertneck Gerald (GER)"]
[Black "Palos Osman (BIH)"]
[Result "0-1"]
[WhiteElo "2410"]
[BlackElo "2336"]

1.d4 Nf6 2.c4 e6 3.Nf3 c5 4.d5 b5 5.Bg5 bxc4 6.e4 d6 7.Bxc4 e5 8.Nc3 Be7 9.Bd2
O-O 10.a4 Na6 11.O-O Nb4 12.h3 Ne8 13.a5 Kh8 14.Na2 Nxa2 15.Rxa2 Rb8 16.Qe2 f5
17.exf5 Bxf5 18.Bc3 Bg6 19.Nd2 Bg5 20.Ne4 Bh6 21.Raa1 Qh4 22.f3 Bf4 23.Be1 Qh6
24.b3 Bxe4 25.Qxe4 Nf6 26.Qd3 Nh5 27.Bf2 Qg5 28.b4 Bh2+ {#R} 0-1

[Event "Ch Malaga"]
[Site "masterchessopen.com – Malaga (Spain)"]
[Date "1985.04.13"]
[Round "4"]
[White "Mendoza Navas Pedro (ESP)"]
[Black "Corrales Ibanez Pedro Luis (ESP)"]
[Result "1-0"]
[WhiteElo "2195"]
[BlackElo "1895"]

1.d4 Nf6 2.c4 e6 3.Nf3 c5 4.d5 b5 5.dxe6 fxe6 6.cxb5 d5 7.a4 Bd6 8.g3 O-O
9.Bg2 a6 10.Na3 Bd7 11.Bg5 Qe8 12.O-O axb5 13.axb5 Bxb5 14.Bxf6 gxf6 15.Nh4
Bc6 16.e4 d4 17.Nc4 Rxa1 18.Qg4+ Kh8 19.Rxa1 Bc7 20.Ra7 Rg8 21.Qf3 Qd8 22.Qh5
Rg5 23.Qf7 Bd7 24.Rxc7 Qxc7 25.Qf8+ Rg8 26.Ng6+ {#r} 1-0

[Event "Ch Europe (juniors) (under 20)"]
[Site "masterchessopen.com – Groningen (Netherlands)"]
[Round "0"]
[White "Brenninkmeijer Joris (NED)"]
[Black "Gunay Alper (TUR)"]
[Result "1-0"]
[WhiteElo "2492"]
[BlackElo "2174"]

1.d4 Nf6 2.c4 e6 3.Nf3 c5 4.d5 b5 5.Bg5 h6 6.Bxf6 Qxf6 7.Qc2 exd5 8.Nc3 Bb7
9.cxd5 b4 10.Ne4 Qg6 11.O-O-O d6 12.e3 Nd7 13.Nh4 Qh5 14.g3 Bxd5 15.Bg2 Nb6
16.Rxd5 Nxd5 17.Rd1 b3 18.Qxb3 Nb6 19.Qb5+ Kd8 20.Nxd6 Bxd6 21.Qc6 Qxd1+
22.Kxd1 Be7 23.Nf5 Rc8 24.Qb7 Bf6 25.Nd6 Rc7 26.Nxf7+ Kd7 27.Bh3+ {#r} 1-0

[Event "Tournament"]
[Site "masterchessopen.com – Hamburg (Germany)"]
[Round "0"]
[White "Michaelsen Nils (GER)"]
[Black "Tatenhorst Volker (GER)"]
[Result "1-0"]
[WhiteElo "2412"]
[BlackElo "2213"]

1.d4 Nf6 2.c4 e6 3.Nf3 c5 4.d5 b5 5.Bg5 exd5 6.cxd5 Qa5+ 7.Nbd2 Nxd5 8.e4 Nc7
9.a4 Qb4 10.axb5 a6 11.bxa6 Bxa6 12.Bxa6 Rxa6 13.Rxa6 Ncxa6 14.O-O h6 15.Bh4
Nc6 16.Qe2 Nc7 17.Nc4 Be7 18.Bxe7 Kxe7 19.Qd3 Nb5 20.Nb6 {#r} 1-0

[Event "It (open)"]
[Site "masterchessopen.com – New York (USA)"]
[Round "0"]
[White "Zaltsman Vitaly F (USA)"]
[Black "Barlov Dragan (SRB)"]
[Result "0-1"]
[WhiteElo "2410"]
[BlackElo "2550"]

1.d4 Nf6 2.c4 e6 3.Nf3 c5 4.d5 b5 5.dxe6 fxe6 6.cxb5 d5 7.Nc3 Bb7 8.e4 Be7
9.exd5 exd5 10.Be2 O-O 11.O-O Nbd7 12.Bg5 Kh8 13.b4 cxb4 14.Na4 Ne4 15.Be3 Nb6
16.Nd4 Qd6 17.Rc1 Nc4 18.Bxc4 dxc4 19.f3 Nf6 20.Rxc4 Nd5 21.Bf2 a6 22.Nc5 axb5
23.Nxb7 Qb6 24.Rc5 Nc3 25.Qd3 Bxc5 26.Nxc5 Qxc5 27.Ne6 Qf5 {#R} 0-1

[Event "It (young masters)"]
[Site "masterchessopen.com – Oakham (England)"]
[Round "6"]
[White "Schulte Oliver (GER)"]
[Black "Ward Christopher (ENG)"]
[Result "1-0"]
[WhiteElo "2310"]
[BlackElo "2448"]

1.d4 Nf6 2.c4 e6 3.Nf3 c5 4.d5 b5 5.dxe6 fxe6 6.cxb5 d5 7.Nc3 d4 8.Na4 Ne4
9.Nd2 Qa5 10.e3 Nd7 11.Bd3 Ndf6 12.O-O Bb7 13.Nxe4 Nxe4 14.Qh5+ Kd8 15.Bxe4
Bxe4 16.Qh4+ {#r} 1-0

[Event "It"]
[Site "masterchessopen.com – Ruse (Bulgaria)"]
[Round "5"]
[White "Cserna Laszlo (HUN)"]
[Black "Poloch Petr (CZE)"]
[Result "1-0"]
[WhiteElo "2390"]
[BlackElo "2276"]

1.d4 Nf6 2.c4 e6 3.Nf3 c5 4.d5 b5 5.Bg5 exd5 6.cxd5 d6 7.e4 a6 8.a4 Be7 9.Bxf6
Bxf6 10.axb5 Bxb2 11.Ra2 Bf6 12.Nbd2 O-O 13.Bd3 Bb7 14.O-O Qc7 15.b6 Qxb6
16.Qb1 Qc7 17.e5 Be7 18.exd6 Bxd6 19.Bxh7+ Kh8 20.Ra4 g6 21.Bxg6 fxg6 22.Qxg6
Bf4 23.Re1 Qf7 24.Ne5 Qxd5 25.Ndf3 Nc6 26.Qh5+ Kg7 27.Qg4+ Kh7 28.Ng5+ {#r}
1-0

[Event "It"]
[Site "masterchessopen.com – Banja-Luka (Bosnia & Herzegovina)"]
[Round "7"]
[White "Muse Mladen (CRO)"]
[Black "Palos Osman (BIH)"]
[Result "1-0"]
[WhiteElo "2443"]
[BlackElo "2336"]

1.d4 Nf6 2.c4 e6 3.Nf3 c5 4.d5 b5 5.Bg5 bxc4 6.e4 d6 7.Nc3 e5 8.Nd2 Be7 9.Nxc4
O-O 10.Be2 Ne8 11.Bxe7 Qxe7 12.O-O g6 13.a3 f5 14.exf5 Bxf5 15.b4 cxb4 16.axb4
Qb7 17.Qa4 Bd7 18.Qa5 a6 19.b5 Bc8 20.Nb6 Ra7 21.bxa6 Qc7 22.Nb5 Rxa6 23.Nxc7
Rxa5 24.Rxa5 Nxc7 25.Nxc8 Rxc8 26.Rc1 Nd7 27.Bg4 {#r} 1-0

[Event "It"]
[Site "masterchessopen.com – Cetinje (Montenegro)"]
[Round "0"]
[White "Maksimovic Branimir (SRB)"]
[Black "Ivanovic Bozidar (MNE)"]
[Result "1-0"]
[WhiteElo "2455"]
[BlackElo "2535"]

1.d4 Nf6 2.c4 e6 3.Nf3 c5 4.d5 b5 5.Bg5 h6 6.Bxf6 Qxf6 7.Nc3 a6 8.e4 g5 9.e5
Qg7 10.Ne4 Be7 11.g4 f5 12.gxf5 exf5 13.Ng3 Rf8 14.Qc2 g4 15.Nxf5 Qh8 16.Qe4
gxf3 17.Nxe7 Kxe7 18.d6+ Ke8 19.O-O-O Ra7 20.Bd3 Rf7 21.Qd5 Rg7 22.Qxc5 Nc6
23.Rhe1 Rg5 24.Be4 {#r} 1-0

[Event "Memorial Hodzhaev"]
[Site "masterchessopen.com – Tashkent (Uzbekistan)"]
[Round "0"]
[White "Vladimirov Evgeny (KAZ)"]
[Black "Tashkhodzhaev A (UZB)"]
[Result "1-0"]
[WhiteElo "2525"]
[BlackElo "2200"]

1.d4 Nf6 2.c4 e6 3.Nf3 c5 4.d5 b5 5.Bg5 b4 6.e4 d6 7.Bd3 h6 8.Bxf6 Qxf6 9.e5
dxe5 10.Be4 Qf4 11.Nbd2 f5 12.g3 Qg4 13.h3 Qh5 14.g4 Qg6 15.gxf5 exf5 16.Nxe5
Qf6 17.Qh5+ Kd8 18.Nf7+ Kc7 19.d6+ Bxd6 20.Nxd6 g6 21.Qf3 Qe7 22.Qg3 Kd7
23.O-O-O {#r} 1-0

[Event "?"]
[Site "masterchessopen.com – Cannes (France)"]
[Round "0"]
[White "Mohr Stefan (GER)"]
[Black "Hresc Vladimir (CRO)"]
[Result "1-0"]
[WhiteElo "2413"]
[BlackElo "2399"]

1.d4 Nf6 2.c4 e6 3.Nf3 c5 4.d5 b5 5.dxe6 fxe6 6.cxb5 d5 7.Nc3 a6 8.e4 d4 9.e5
Nfd7 10.Ne4 axb5 11.Nfg5 Nxe5 12.Bxb5+ Ke7 13.O-O Qd5 14.Bf4 Bd7 15.Rc1 Ke8
16.Bxe5 Qxe5 17.Qh5+ g6 18.Qf3 Be7 19.Bxd7+ Kxd7 20.Nf7 Qf5 21.Nxc5+ Bxc5
22.Qb7+ Ke8 23.Nxh8 {#r} 1-0

[Event "Bundesliga 1988/89 (2nd)"]
[Site "masterchessopen.com – Germany"]
[Round "0"]
[White "Schuh Hubert (GER)"]
[Black "Weis Ruediger (GER)"]
[Result "1-0"]
[WhiteElo "2292"]
[BlackElo "2245"]

1.d4 Nf6 2.Nf3 c5 3.d5 e6 4.c4 b5 5.a4 bxc4 6.Nc3 exd5 7.Nxd5 Bb7 8.e4 Nxd5
9.exd5 Bd6 10.Bxc4 O-O 11.O-O a5 12.Re1 h6 13.Be3 Na6 14.Qd2 Re8 15.Bxh6 Rxe1+
16.Rxe1 gxh6 17.Qxh6 Qf8 18.Qf6 Nc7 19.Re4 Ne8 20.Rg4+ Ng7 21.Qh6 Ba6 22.Ng5
Qe8 23.Ne6 Bf8 24.Rxg7+ {#r} 1-0

[Event "It (open)"]
[Site "masterchessopen.com – Lyngby (Denmark)"]
[Round "8"]
[White "Jacobsen Bo (DEN)"]
[Black "Clausen Steen (DEN)"]
[Result "1-0"]
[WhiteElo "2290"]
[BlackElo "2237"]

1.d4 Nf6 2.c4 e6 3.Nf3 c5 4.d5 b5 5.Bg5 Qb6 6.Bxf6 gxf6 7.e4 bxc4 8.Bxc4 Qxb2
9.Nbd2 Qb6 10.O-O Qc7 11.Rb1 Bd6 12.Re1 Ba6 13.Rxb8+ Rxb8 14.Bxa6 Qa5 15.Bc4
O-O 16.e5 fxe5 17.Ne4 Be7 18.Nxe5 f5 19.Ng3 Qc7 20.dxe6 d6 21.Nd7 Rb4 22.Qc2
Qa5 23.Rd1 Rc8 24.Nxf5 Re8 25.Qc3 {#r} 1-0

[Event "Ch Nassau"]
[Site "masterchessopen.com – Nassau (USA)"]
[Round "10"]
[White "Sickles Douglas N (USA)"]
[Black "Kearns Thomas J (USA)"]
[Result "1-0"]
[WhiteElo "2215"]
[BlackElo "2140"]

1.d4 Nf6 2.c4 e6 3.Nf3 c5 4.d5 b5 5.Bg5 d6 6.Nbd2 exd5 7.cxd5 Be7 8.e4 Bd7
9.a4 Nxd5 10.axb5 Bxg5 11.exd5 O-O 12.Be2 Bxd2+ 13.Qxd2 Bg4 14.O-O Bxf3
15.Bxf3 Nd7 16.Ra6 Ne5 17.Be2 Re8 18.Rfa1 Qe7 19.b6 Nd7 20.Bb5 Reb8 21.Rxa7
Nxb6 22.Rxe7 Rxa1+ 23.Bf1 Kf8 24.Re1 Ra2 25.Qf4 Nc8 26.Qe3 g6 27.Qh6+ {#r} 1-0

[Event "?"]
[Site "masterchessopen.com – Salamanca (Spain)"]
[Round "0"]
[White "Sunye Neto Jaime (BRA)"]
[Black "Izeta Txabarri Felix (ESP)"]
[Result "1-0"]
[WhiteElo "2486"]
[BlackElo "2459"]

1.d4 Nf6 2.c4 e6 3.Nf3 c5 4.d5 b5 5.dxe6 fxe6 6.cxb5 d5 7.Bg5 Be7 8.Nbd2 Bb7
9.g3 Nbd7 10.Bh3 e5 11.O-O e4 12.Nh4 h6 13.Bxf6 Bxf6 14.Ng6 Rh7 15.Nxe4 dxe4
16.Qb3 Nf8 17.Qg8 {#r} 1-0

[Event "It (open)"]
[Site "masterchessopen.com – Bern (Switzerland)"]
[Round "0"]
[White "Chabanon Jean-Luc (FRA)"]
[Black "Manela Noam (ISR)"]
[Result "1-0"]
[WhiteElo "2481"]
[BlackElo "2235"]

1.d4 Nf6 2.Nf3 c5 3.d5 e6 4.c4 b5 5.Bg5 bxc4 6.e4 d6 7.dxe6 Bxe6 8.e5 h6
9.Bxc4 Bxc4 10.Qa4+ Qd7 11.Qxc4 hxg5 12.exf6 gxf6 13.O-O Nc6 14.Nc3 g4
15.Rfe1+ Kd8 16.Nd5 Bg7 17.Nd2 f5 18.Rad1 Be5 19.Nf1 Nd4 20.Qa6 f6 21.Qa5+ Kc8
22.Rxd4 g3 23.hxg3 f4 24.Nb6+ {#r} 1-0

[Event "It (open)"]
[Site "masterchessopen.com – Bled (Slovenia)"]
[Round "0"]
[White "Tratar Marko (SLO)"]
[Black "Jusic Zdenko (CRO)"]
[Result "0-1"]
[WhiteElo "2477"]
[BlackElo "2356"]

1.d4 Nf6 2.Nf3 e6 3.c4 c5 4.d5 b5 5.dxe6 fxe6 6.cxb5 d5 7.e3 Bd6 8.Be2 e5
9.O-O e4 10.Nfd2 O-O 11.f3 Qc7 12.h3 Bxh3 13.gxh3 Bh2+ 14.Kh1 Qg3 15.fxe4 Qxh3
16.Bg4 Qh6 17.Be6+ Kh8 18.Kg2 Bc7 19.Rf3 Qh2+ 20.Kf1 Nbd7 21.Rh3 Ng4+ {#R} 0-1

[Event "Ch Chess Club"]
[Site "masterchessopen.com – Long Island (USA)"]
[Round "8"]
[White "Bonin Jay R (USA)"]
[Black "Goregliad Sergei (USA)"]
[Result "1-0"]
[WhiteElo "2400"]
[BlackElo "2300"]

1.d4 Nf6 2.c4 e6 3.Nf3 c5 4.d5 b5 5.Bg5 d6 6.Nc3 b4 7.Ne4 Be7 8.Nxf6+ Bxf6
9.dxe6 fxe6 10.Bxf6 Qxf6 11.Qxd6 Qxb2 12.Rd1 Qc3+ 13.Nd2 Bd7 14.g3 Nc6 15.Bg2
Rc8 16.O-O Nd4 17.Ne4 Qxc4 18.e3 Ne2+ 19.Kh1 Qb5 20.Qd2 Ke7 21.Nd6 Qa6 22.Nf5+
Kf6 23.Qxd7 Rhd8 24.Qxg7+ Kxf5 25.e4# 1-0

[Event "It (open)"]
[Site "masterchessopen.com – Baden-Baden (Germany)"]
[Round "0"]
[White "Khenkin Igor (GER)"]
[Black "Palos Osman (BIH)"]
[Result "0-1"]
[WhiteElo "2624"]
[BlackElo "2336"]

1.d4 Nf6 2.Nf3 e6 3.c4 c5 4.d5 b5 5.Bg5 bxc4 6.Nc3 d6 7.e4 e5 8.Bxc4 Nbd7
9.O-O Be7 10.a4 O-O 11.a5 Rb8 12.b3 Ne8 13.Be3 Nc7 14.Qd3 g6 15.Bh6 Re8 16.h3
Kh8 17.Be3 Rg8 18.Kh2 Qf8 19.Nd2 f5 20.f3 f4 21.Bf2 Nf6 22.Nb5 Nxb5 23.Bxb5 g5
24.b4 Qh6 25.bxc5 g4 26.fxg4 Nxg4+ 27.Kh1 Ne3 {#R} 0-1

[Event "Ch BRD (qual)"]
[Site "masterchessopen.com – BRD"]
[Round "0"]
[White "Muse Mladen (CRO)"]
[Black "Sawadkuhi Massoud Amir (IRI)"]
[Result "1-0"]
[WhiteElo "2443"]
[BlackElo "2164"]

1.d4 Nf6 2.Nf3 e6 3.c4 c5 4.d5 b5 5.Bg5 h6 6.Bxf6 Qxf6 7.Nc3 b4 8.Nb5 Na6 9.e4
exd5 10.e5 Qb6 11.cxd5 Bb7 12.Bc4 Be7 13.O-O O-O 14.Nd2 Nc7 15.Nxc7 Qxc7 16.d6
Qc6 17.Qg4 Bd8 18.f4 Kh8 19.Rf3 f5 20.Qg6 {#r} 1-0

[Event "It (open) (2)"]
[Site "masterchessopen.com – Zurich (Switzerland)"]
[Round "0"]
[White "Rist Manfred (GER)"]
[Black "Schmid Martin (SUI)"]
[Result "1-0"]
[WhiteElo "2213"]
[BlackElo "2098"]

1.d4 Nf6 2.c4 e6 3.Nf3 c5 4.d5 b5 5.a4 bxc4 6.Nc3 exd5 7.Nxd5 Bb7 8.e4 Nxe4
9.Bxc4 Be7 10.O-O Nc6 11.Re1 Nd6 12.Nxe7 Qxe7 13.Qxd6 {#r} 1-0

[Event "It (open)"]
[Site "masterchessopen.com – Adelaide (Australia)"]
[Round "0"]
[White "Michelakis George (RSA)"]
[Black "Hirschhorn Jeremy (AUS)"]
[Result "1-0"]
[WhiteElo "2425"]
[BlackElo "2198"]

1.d4 Nf6 2.c4 e6 3.Nf3 c5 4.d5 b5 5.Bg5 Bb7 6.e4 bxc4 7.dxe6 fxe6 8.e5 h6
9.Bh4 Qa5+ 10.Nfd2 g5 11.exf6 gxh4 12.Nc3 d5 13.Qg4 Qb6 14.Nxc4 dxc4 15.O-O-O
Nd7 16.f7+ Kd8 17.Bxc4 Bd6 18.Bxe6 Ne5 19.Qg7 {#r} 1-0

[Event "Ch Bulgaria (team)"]
[Site "masterchessopen.com – Bankja (Bulgaria)"]
[Round "4"]
[White "Peev Peicho (BUL)"]
[Black "Dimitrov Plamen (BUL)"]
[Result "1-0"]
[WhiteElo "2284"]
[BlackElo "2167"]

1.d4 Nf6 2.c4 e6 3.Nf3 c5 4.d5 b5 5.Bg5 Bb7 6.Nc3 exd5 7.cxd5 Qb6 8.e4 h6
9.Bxf6 gxf6 10.Bxb5 Bd6 11.O-O O-O 12.Nh4 Kh7 13.Qh5 Rg8 14.e5 Bxe5 15.Bd3+
Kg7 16.Nf5+ Kf8 17.Qxh6+ Ke8 18.Rfe1 Kd8 19.Qh7 Rf8 20.Qg7 Re8 21.Qxf7 Qxb2
22.Rac1 Bxh2+ 23.Kxh2 Rxe1 24.Qxf6+ {#r} 1-0

[Event "It \"]
[Site "masterchessopen.com – Buenos Aires (Argentina)"]
[Round "0"]
[White "Markeluk Sergio (ARG)"]
[Black "Rodriguez Andres (URU)"]
[Result "1-0"]
[WhiteElo "2355"]
[BlackElo "2505"]

1.d4 e6 2.Nf3 Nf6 3.c4 c5 4.d5 b5 5.Bg5 h6 6.Bxf6 Qxf6 7.Nc3 b4 8.Nb5 Kd8 9.e4
g5 10.e5 Qg7 11.g4 Bb7 12.Qa4 a5 13.O-O-O f5 14.gxf5 g4 15.Rg1 Qf7 16.Nh4 exd5
17.cxd5 Rg8 18.Qc2 Rg5 19.Bc4 a4 20.f4 gxf3 21.Rxg5 {#r} 1-0

[Event "Bundesliga 1990/91 (2nd)"]
[Site "masterchessopen.com – Germany"]
[Round "1"]
[White "Forintos Gyozo V (HUN)"]
[Black "Sievers Stefan (GER)"]
[Result "1-0"]
[WhiteElo "2317"]
[BlackElo "2389"]

1.d4 Nf6 2.c4 c5 3.d5 b5 4.Nf3 e6 5.Bg5 exd5 6.cxd5 d6 7.e4 a6 8.a4 Be7 9.Bxf6
Bxf6 10.axb5 Bxb2 11.Ra2 Bf6 12.Bd3 O-O 13.O-O Bb7 14.Nbd2 axb5 15.Rxa8 Bxa8
16.Bxb5 Bb7 17.Qa4 Bc8 18.Nc4 Qe7 19.Nb6 Bg4 20.e5 Bxe5 21.Nxe5 dxe5 22.Qxg4
Qb7 23.Nd7 f5 24.Qa4 {#r} 1-0

[Event "Bundesliga 1990/91 (2nd)"]
[Site "masterchessopen.com – Germany"]
[Round "0"]
[White "Sieglen Joachim (GER)"]
[Black "Wolf Walter (GER)"]
[Result "1-0"]
[WhiteElo "2302"]
[BlackElo "2248"]

1.d4 Nf6 2.Nf3 e6 3.c4 c5 4.d5 b5 5.Bg5 bxc4 6.Nc3 Qb6 7.e4 Qxb2 8.Bd2 Qb6
9.Rb1 Qd8 10.Bxc4 exd5 11.Nxd5 Ba6 12.Bxa6 Nxa6 13.O-O Nxd5 14.exd5 Be7 15.d6
Bxd6 16.Qe2+ Qe7 17.Qxa6 O-O 18.Kh1 h6 19.Rb7 Rac8 20.Re1 {#r} 1-0